Does arbitration infringe your human rights? (Record no. 69712)

MARC details
000 -LEADER
fixed length control field 01001cam a2200205 4500
001 - CONTROL NUMBER
control field ABS65127
008 - FIXED-LENGTH DATA ELEMENTS--GENERAL INFORMATION
fixed length control field 020306n2002 000 0 eng u
035 ## - SYSTEM CONTROL NUMBER
System control number (Sirsi) u117022
100 ## - MAIN ENTRY--PERSONAL NAME
Personal name Houghton, A.
245 ## - TITLE STATEMENT
Title Does arbitration infringe your human rights?
260 ## - PUBLICATION, DISTRIBUTION, ETC.
Date of publication, distribution, etc. 2002
490 ## - SERIES STATEMENT
Series statement Asian Dispute Resolution
Volume/sequential designation January 2002, 76-78(3)
520 ## - SUMMARY, ETC.
Summary, etc. Debates whether the European Convention on Human Rights and the International Covenant on Civil and Political Rights may have an effect on construction litigation and arbitration, arguing that the modern trend is to prolong litigation, often under the guise of protecting human rights, which can cause unnecessary expense and stress.
590 ## - LOCAL NOTE (RLIN)
Local note ABS
650 ## - SUBJECT ADDED ENTRY--TOPICAL TERM
Topical term or geographic name entry element MANAGEMENT-DISPUTE AVOIDANCE, MANAGEMENT AND RESOLUTION-DISPUTE MANAGEMENT AND RESOLUTION-ARBITRATION
650 ## - SUBJECT ADDED ENTRY--TOPICAL TERM
Topical term or geographic name entry element HUMAN RIGHTS
650 ## - SUBJECT ADDED ENTRY--TOPICAL TERM
Topical term or geographic name entry element CONVENTION FOR THE PROTECTION OF HUMAN RIGHTS AND FUNDAMENTAL FREEDOMS
690 ## - LOCAL SUBJECT ADDED ENTRY--TOPICAL TERM (OCLC, RLIN)
Topical term or geographic name as entry element Dispute resolution
9 (RLIN) 6236
942 ## - ADDED ENTRY ELEMENTS (KOHA)
Suppress in OPAC 0
Holdings
Withdrawn status Lost status Source of classification or shelving scheme Damaged status Not for loan Home library Current library Shelving location Date acquired Total Checkouts Full call number Barcode Date last seen Copy number Price effective from Koha item type
    Dewey Decimal Classification     London London Journal article 06/03/2002   ABS65127 117022-1001 06/08/2019 1 06/08/2019 Journal article